Ariadne's dream

Bewaard in:
Bibliografische gegevens
Hoofdauteur: Tess Fragoulis
Formaat: Boek
Taal:Undetermined
Gepubliceerd in: Saskatoon Thistledown Press Ltd 2001
Onderwerpen:
Tags: Voeg label toe
Geen labels, Wees de eerste die dit record labelt!
Thư viện lưu trữ: Trung tâm Học liệu Trường Đại học Cần Thơ
LEADER 00424nam a2200157Ia 4500
001 CTU_56130
008 210402s9999 xx 000 0 und d
082 |a 813.54 
082 |b F811 
100 |a Tess Fragoulis 
245 0 |a Ariadne's dream 
260 |a Saskatoon 
260 |b Thistledown Press Ltd 
260 |c 2001 
650 |a Literature Canadian ( English ) 
980 |a Trung tâm Học liệu Trường Đại học Cần Thơ